[Event "Cto de Aragon por Equipos - Preferente Grupo II"]
[Site ""]
[Date "2022.02.12"]
[Round "3.61"]
[White "Osorio Marin, Alejandro"]
[Black "Carrasquer Alonso, Fernando"]
[Result "1-0"]
[WhiteElo "1960"]
[BlackElo "1875"]
[PlyCount "0"]
[WhiteTeam "Shatranj"]
[BlackTeam "Jaque - Pirenauto B"]
[EventDate "2022.01.29"]

1. Nf3 d6 2. d4 Nf6 3. c4 Nbd7 4. Nc3 e5 5. e4 Be7 6. Be2 O-O 7. O-O c6 
8. Qc2 Qb6 9. d5 cxd5 10. cxd5 Nc5 11. h3 Na6 12. Be3 Qd8 13. Rfc1 Ne8 
14. Nb5 f5 15. Nxa7 fxe4 16. Nxc8 exf3 17. Bxf3 Bh4 18. Bg4 Rb8 19. Nb6 Nf6 
20. Be6+ Kh8 21. g3 Bg5 22. Bxg5 Qxb6 23. Be3 Qb5 24. a4 Qa5 25. Qc4 Qd8 
26. b4 Ne8 27. b5 Nc5 28. Bxc5 dxc5 29. Qxc5 Qf6 30. Ra2 Rd8 31. a5 Nd6 
32. a6 bxa6 33. bxa6 Ne4 34. Qe3 Ng5 35. Bg4 e4 36. a7 Ra8 37. h4 Nf3+ 
38. Bxf3 exf3 39. Qd3 h6 40. Rc6 Qe7 41. Re6 Qc7 42. d6 Qf7 43. Qc4 Rxa7 
44. Rxa7 Qxa7 45. Re7 Qa1+ 46. Kh2 Qf6 1-0

[Event "Cto de Aragon por Equipos - Preferente Grupo II"]
[Site ""]
[Date "2022.02.12"]
[Round "3.62"]
[White "Montoro Mavilla, Sergio"]
[Black "Franco Ibanez, Carlos"]
[Result "0-1"]
[WhiteElo "1784"]
[BlackElo "1913"]
[PlyCount "0"]
[WhiteTeam "Jaque - Pirenauto B"]
[BlackTeam "Shatranj"]
[EventDate "2022.01.29"]

1. e4 e5 2. Nf3 Nc6 3. Bb5 a6 4. Bc4 Nf6 5. O-O Be7 6. Re1 b5 7. Bb3 d6 
8. a4 Bb7 9. d3 O-O 10. Nbd2 Na5 11. Ba2 c5 12. axb5 axb5 13. Nf1 Nc6 
14. Bd2 h6 15. Ng3 Re8 16. Nf5 Bf8 17. h3 d5 18. Nh2 Nd4 19. Nxd4 cxd4 
20. exd5 Nxd5 21. Qf3 Qd6 22. Ng4 Bc6 23. Qg3 Nf4 24. Nxe5 Rxa2 25. Bxf4 Rxb2 
26. Nc4 Rxe1+ 27. Rxe1 Qb4 28. Bd2 bxc4 29. Bxb4 Bxb4 30. Ra1 Rxc2 
31. dxc4 Rc3 32. Qc7 Rxc4 33. Rd1 Bc3 34. Rd3 g6 35. h4 h5 36. Kh2 Rc5 
37. Qd6 Rc4 38. Kg3 Be4 39. Rd1 Bc2 40. Qa6 Rc7 41. Rc1 d3 42. Qa8+ Kg7 
43. Qd8 Rc5 44. Qd6 Rf5 45. Qc6 Be5+ 46. Kh3 Rxf2 47. Qc5 Re2 48. Rf1 Bb3 
49. Rxf7+ Kxf7 50. Qxe5 Rxe5 51. Kh2 d2 52. g4 d1=Q 53. gxh5 gxh5 54. Kh3 Qg4+ 
55. Kh2 Re2+ 56. Kh1 Qg2# 0-1

[Event "Cto de Aragon por Equipos - Preferente Grupo II"]
[Site ""]
[Date "2022.02.12"]
[Round "3.63"]
[White "Del Corral Abancens, Alfonso"]
[Black "Vinuales Ferro, Antonio"]
[Result "1-0"]
[WhiteElo "1872"]
[BlackElo "1601"]
[PlyCount "0"]
[WhiteTeam "Shatranj"]
[BlackTeam "Jaque - Pirenauto B"]
[EventDate "2022.01.29"]

1. e4 c5 2. c3 Nc6 3. Nf3 d5 4. e5 e6 5. d4 cxd4 6. cxd4 Bb4+ 7. Nc3 Nge7 
8. Bd3 Bd7 9. O-O h6 10. Be3 Rc8 11. Rc1 a6 12. a3 Bxc3 13. Rxc3 Na5 14. Rxc8 
Qxc8 15. Qe2 b5 16. Nh4 g5 17. Nf3 Nc4 18. Rc1 Qb7 19. Nd2 Nxd2 
(19... Nxb2 20. Nb3 Nc4 21. Nc5 Qa7 22. Qh5 Nf5 (22... Nxe3 23. fxe3 )
23. Bxf5 exf5 (23... Nxe3 24. fxe3 exf5 25. Ne6 Bc8 26. Rxc8+ Ke7 
27. Rxh8 Qc7 28. Nxc7 Kd7 29. Qxf7+ Kc6 30. Rxh6+ Kb7 31. Nxd5+ Kc8 32. Rh8# )
24. Bxg5 )1-0

[Event "Cto de Aragon por Equipos - Preferente Grupo II"]
[Site ""]
[Date "2022.02.12"]
[Round "3.64"]
[White "Huerva Lacuna, Isidro"]
[Black "Munoz Bornao, Miguel Angel"]
[Result "1/2-1/2"]
[WhiteElo "1593"]
[BlackElo "1670"]
[PlyCount "0"]
[WhiteTeam "Jaque - Pirenauto B"]
[BlackTeam "Shatranj"]
[EventDate "2022.01.29"]


1. d4 d5 2. Nf3 Nf6 3. c4 e6 4. Nc3 c6 5. Bf4 Bd6 6. Ne5 Nh5 7. e3 Nxf4 
8. exf4 O-O 9. c5 Bc7 10. Bd3 Nd7 11. Qg4 f5 12. Qf3 Nf6 13. O-O Ne4 
14. Bxe4 dxe4 15. Qh3 Qxd4 16. Rfd1 Qxc5 17. Nd7 Bxd7 18. Rxd7 Bb6 
19. Qg3 Rf7 20. Rad1 Raf8 21. R7d6 Rf6 22. Na4 Qa5 23. Nxb6 Qxb6 
24. b3 Rg6 1/2-1/2

[Event "Cto de Aragon por Equipos - Preferente Grupo II"]
[Site ""]
[Date "2022.02.12"]
[Round "3.65"]
[White "Galicia Gracia, Pablo"]
[Black "Iglesias Fernandez, Luis"]
[Result "1/2-1/2"]
[WhiteElo "1868"]
[BlackElo "1856"]
[PlyCount "0"]
[WhiteTeam "Enroque de Barbastro"]
[BlackTeam "Palacio De Pioneros C"]
[EventDate "2022.01.29"]

1. e4 g6 2. d4 Bg7 3. Nf3 d6 4. c3 Nf6 5. Bd3 O-O 6. O-O e5 7. Bg5 Nc6 8. Nbd2
h6 9. Bxf6 Qxf6 10. d5 Nd8 11. Nb3 Qe7 12. Nfd2 f5 13. Qe2 f4 14. f3 g5 15. c4
Rf6 16. Rac1 b6 17. Qf2 h5 18. h3 Rg6 19. Be2 Bf6 20. Rfd1 g4 21. fxg4 Bh4 22.
Qf1 hxg4 23. Bxg4 Bxg4 24. hxg4 Bg3 25. Qf3 Qh4 26. Kf1 Rxg4 27. Ke2 Bh2 28.
Nf1 Qg5 29. Rd2 Rxg2+ 30. Kd3 Rxd2+ 31. Nfxd2 Bg1 32. Nf1 Kf8 33. Rc2 Qh4 34.
Rg2 Bc5 35. Rh2 Qe1 36. Nxc5 Qb1+ 37. Ke2 bxc5 38. Nd2 Qg1 39. Rh1 Qe3+ 40.
Qxe3 fxe3 41. Kxe3 Rb8 42. b3 a5 43. Rh2 Ke7 44. Rh8 a4 45. Kd3 axb3 46. axb3
Rb7 47. Rh1 Nf7 48. Kc3 Rb8 49. Rg1 Rh8 50. Rg3 Rh4 51. b4 cxb4+ 52. Kxb4 Rh2
53. Kc3 Rh4 54. Kb4 Kf6 55. Kc3 Ng5 56. Kd3 Rf4 57. Ke3 Kg6 58. Rg1 Kh5 59.
Rh1+ Kg4 60. Rg1+ Kh4 61. Rg2 Rf8 62. Rg1 Ra8 63. Rc1 Ra3+ 64. Ke2 Nh3 65. Rc2
Nf4+ 66. Kf2 Kg4 67. c5 Nd3+ 68. Ke2 Nxc5 69. Rc1 Ra2 70. Ke3 Ra3+ 71. Ke2 Rg3
72. Rh1 Na4 73. Rh7 Rc3 74. Rg7+ Kh5 75. Rh7+ Kg6 76. Rh1 Nc5 77. Rg1+ Kf7 78.
Rh1 Rg3 79. Rh7+ Rg7 80. Rh3 Ke7 81. Ke3 Rg4 82. Rh7+ Kd8 83. Rh8+ Kd7 84. Rh7+
Kc8 85. Rh8+ Kb7 86. Rh1 Rg3+ 87. Ke2 Na4 88. Rb1+ Kc8 89. Rh1 Nc3+ 90. Kf1 Re3
91. Rh4 Kb7 92. Rg4 Ka6 93. Rg7 Nxe4 94. Nxe4 Rxe4 95. Rxc7 Rf4+ 96. Ke2 Rf6
97. Rc1 Kb5 98. Rc6 Re6 99. Ke3 e4 100. Rb6+ Kxb6 101. dxe6 Kc6 102. Kxe4 Kc7
103. Kd4 Kd8 104. Kd5 Ke7 105. Kd4 Ke8 1/2-1/2

[Event "Cto de Aragon por Equipos - Preferente Grupo II"]
[Site ""]
[Date "2022.02.12"]
[Round "3.66"]
[White "Cacho Almorin, Javier"]
[Black "Avellanas Pau, Miguel Angel"]
[Result "0-1"]
[WhiteElo "1648"]
[BlackElo "1824"]
[PlyCount "0"]
[WhiteTeam "Palacio De Pioneros C"]
[BlackTeam "Enroque de Barbastro"]
[EventDate "2022.01.29"]

1. e4 e6 2. d4 d5 3. exd5 exd5 4. Nf3 Bd6 5. Bd3 Ne7 6. O-O Bg4 7. Re1 Qd7 8.
c4 dxc4 9. Bxc4 O-O 10. Nc3 Nbc6 11. Be2 Rad8 12. Ne5 Bxe5 13. Bxg4 Qxd4 14.
Qxd4 Rxd4 15. Bf3 Rfd8 16. Be3 Rd3 17. Bxa7 Bxc3 18. bxc3 b6 19. c4 Ra3 0-1

[Event "Cto de Aragon por Equipos - Preferente Grupo II"]
[Site ""]
[Date "2022.02.12"]
[Round "3.67"]
[White "Delgado Pascual, Hugo"]
[Black "Bruna Barranco, Ignacio"]
[Result "0-1"]
[WhiteElo "1704"]
[BlackElo "1604"]
[PlyCount "0"]
[WhiteTeam "Enroque de Barbastro"]
[BlackTeam "Palacio De Pioneros C"]
[EventDate "2022.01.29"]

1. e4 c6 2. d4 d5 3. exd5 cxd5 4. c4 Nf6 5. Nf3 Nc6 6. Nc3 a6 7. Be3 Bg4 8. Be2
e6 9. O-O Be7 10. Qb3 O-O 11. h3 Bxf3 12. gxf3 Na5 13. Qa4 dxc4 14. Qc2 b5 15.
a4 Nb3 16. Rad1 Nd5 17. axb5 Nxc3 18. bxc3 axb5 19. Qe4 Ra2 20. Bf4 Bg5 21. Kh1
Rxe2 22. Qxe2 Bxf4 23. Rg1 Qh4 24. Kg2 Rd8 25. Qa2 Rd5 26. Rh1 h6 27. Qa8+ Kh7
28. Qa2 Qg5+ 29. Kf1 Nd2+ 30. Ke2 Qg2 31. Qc2+ g6 32. Rxd2 Bxd2 33. Ra1 Bg5 34.
Ra7 Rf5 35. Qe4 Qxh3 36. Qc6 Bh4 37. Qe4 Qh2 38. Qe3 Qf4 39. Qxe6 Qxf3+ 40. Kd2
Qxf2+ 41. Kc1 Qe1+ 42. Qxe1 Bxe1 43. Kc2 h5 44. Re7 Rf2+ 45. Kb1 Bxc3 46. d5
Rf6 47. Rb7 b4 48. Rc7 Rd6 49. Rxf7+ Kh6 50. Rf1 Rxd5 51. Ka2 Rd2+ 52. Kb1 h4
53. Rf4 Rd4 54. Rf1 h3 55. Ka2 Rd2+ 56. Kb1 h2 0-1

[Event "Cto de Aragon por Equipos - Preferente Grupo II"]
[Site ""]
[Date "2022.02.19"]
[Round "4.53"]
[White "Sanjulian Arruga, Pablo"]
[Black "Iglesias Fernandez, Luis"]
[Result "1-0"]
[WhiteElo "1888"]
[BlackElo "1856"]
[PlyCount "0"]
[WhiteTeam "MyInvestor Casablanca C"]
[BlackTeam "Palacio De Pioneros C"]
[EventDate "2022.01.29"]


1. c4 e5 2. Nc3 Nc6 3. Nf3 f5 4. g3 Nf6 5. d4 e4 6. Nh4 d5 7. Bg5 Bb4 8. cxd5
Qxd5 9. Bxf6 gxf6 10. e3 Be6 11. Qh5+ Kd7 12. Bh3 Ne7 13. O-O Bxc3 14. bxc3
Rag8 15. c4 Qxc4 16. d5 Nxd5 17. Bxf5 Bxf5 18. Qf7+ Kc8 19. Nxf5 Nxe3 20. Nd6+
cxd6 21. Rfc1 Kb8 22. Rxc4 Nxc4 23. Qxc4 Re8 24. Re1 f5 25. Qd5 Rhf8 26. Qxd6+
Ka8 27. Rd1 a6 28. Qc7 e3 29. fxe3 Rxe3 30. Rd8+ 1-0

[Event "Cto de Aragon por Equipos - Preferente Grupo II"]
[Site ""]
[Date "2022.02.19"]
[Round "4.54"]
[White "Caballero Ortin, Jorge"]
[Black "Ruiz Fernandez, Daniel"]
[Result "0-1"]
[WhiteElo "1740"]
[BlackElo "1803"]
[PlyCount "0"]
[WhiteTeam "Palacio De Pioneros C"]
[BlackTeam "MyInvestor Casablanca C"]
[EventDate "2022.01.29"]

1. e4 c5 2. Nf3 d6 3. Bb5+ Nc6 4. O-O Bd7 5. Re1 Nf6 6. c3 a6 7. Bc4 b5 8. Bf1
Bg4 9. h3 Bxf3 10. Qxf3 g6 11. Rd1 Qb6 12. a4 b4 13. a5 Qa7 14. d3 Bg7 15. Be3
Nd7 16. Qe2 O-O 17. Ra4 bxc3 18. bxc3 f5 19. exf5 gxf5 20. Rh4 Nf6 21. Qf3 Qd7
22. d4 cxd4 23. cxd4 d5 24. Bd3 e6 25. Qg3 Ne4 26. Bxe4 dxe4 27. Qg5 Qf7 28.
Nd2 Qg6 29. Qf4 Rad8 30. Nb3 e5 31. Qg5 exd4 32. Qxg6 hxg6 33. Bg5 Bf6 34. Bxf6
Rxf6 35. Nc5 d3 36. Rf4 Rdd6 37. g4 Nxa5 38. gxf5 gxf5 39. Kh2 Kf7 40. Rh4 Rg6
41. Rf4 Rgf6 42. Rh4 Rd5 43. Nxe4 fxe4 44. Rxe4 Rxf2+ 45. Kg3 Rf6 46. Kg4 Re6
47. Rf4+ Ke7 48. h4 d2 49. Rff1 Nc4 0-1

[Event "Cto de Aragon por Equipos - Preferente Grupo II"]
[Site ""]
[Date "2022.02.19"]
[Round "4.55"]
[White "Bello Cera, Raul"]
[Black "Quintero Rodriguez, John"]
[Result "1-0"]
[WhiteElo "1641"]
[BlackElo "1783"]
[PlyCount "0"]
[WhiteTeam "MyInvestor Casablanca C"]
[BlackTeam "Palacio De Pioneros C"]
[EventDate "2022.01.29"]

1. e4 c6 2. d4 d5 3. exd5 cxd5 4. c4 Nf6 5. Nc3 e6 6. cxd5 Nxd5 7. Nf3 Nc6 8.
Qc2 Be7 9. a3 a6 10. Nxd5 Qxd5 11. Be3 b5 12. Bd3 Bb7 13. O-O h6 14. Be4 Qd6
15. Rac1 Rc8 16. Qd2 g5 17. d5 exd5 18. Bxd5 O-O 19. Nxg5 hxg5 20. Bxg5 Qd8 21.
Bxe7 Nxe7 22. Qg5+ Ng6 23. Qxg6+ Kh8 24. Qh6+ Kg8 25. Bxb7 Rxc1 26. Rxc1 Qd4
27. g3 Rd8 28. Bxa6 Qxb2 29. Rc5 Qb1+ 30. Kg2 Qe4+ 31. Kh3 f6 32. Qxf6 Qh7+ 33.
Qh4 1-0

[Event "Cto de Aragon por Equipos - Preferente Grupo II"]
[Site ""]
[Date "2022.02.19"]
[Round "4.56"]
[White "Cacho Almorin, Javier"]
[Black "Sese Serrano, Isaac"]
[Result "1-0"]
[WhiteElo "1648"]
[BlackElo "1262"]
[PlyCount "0"]
[WhiteTeam "Palacio De Pioneros C"]
[BlackTeam "MyInvestor Casablanca C"]
[EventDate "2022.01.29"]

1. e4 c5 2. Nf3 e6 3. d4 cxd4 4. Nxd4 Nf6 5. Nc3 d6 6. Bb5+ Bd7 7. O-O a6 8.
Be2 Be7 9. Be3 O-O 10. f4 Qc7 11. Nf3 e5 12. Bd3 Bc6 13. fxe5 dxe5 14. h3 Rd8
15. Qe2 Nbd7 16. Kh1 b5 17. a3 Qb7 18. Bg5 Bd6 19. Nd5 Bxd5 20. exd5 Re8 21.
Bxf6 Nxf6 22. Be4 Nxd5 23. Rad1 Nf4 24. Bxb7 Nxe2 25. Rxd6 Ra7 26. Bc6 Rc8 27.
Rfd1 1-0

[Event "Cto de Aragon por Equipos - Preferente Grupo II"]
[Site ""]
[Date "2022.02.19"]
[Round "4.57"]
[White "Veras Sanz, Marino"]
[Black "Campo Pelegrin, Ramon"]
[Result "1/2-1/2"]
[WhiteElo "2062"]
[BlackElo "1787"]
[PlyCount "0"]
[WhiteTeam "El Olivar B"]
[BlackTeam "Enroque de Barbastro"]
[EventDate "2022.01.29"]


1. Nf3 d5 2. g3 Nf6 3. Bg2 Nbd7 4. d4 e6 5. O-O Be7 6. c4 O-O 7. Qc2 Ne4 8. Nc3 Nxc3

9. Qxc3 Bf6 10. Qc2 dxc4 11. Qxc4 e5 12. Rd1 c6 13. Qb3 exd4 14. Nxd4 Nc5 15. Qc4

Ne6 16. Be3 Nxd4 17. Bxd4 Be6 18. Qc3 Bxd4 19. Rxd4 Qc7 20. b3 Rfd8 21. Rad1 Qb6

22. h4 a5 23. h5 h6 24. Bf3 a4 25. Kg2 axb3 26. axb3  1/2-1/2

[Event "Cto de Aragon por Equipos - Preferente Grupo II"]
[Site ""]
[Date "2022.02.19"]
[Round "4.58"]
[White "Santorroman Jovellar, Javier"]
[Black "Gracia Campo, Carlos Alberto"]
[Result "0-1"]
[WhiteElo "1694"]
[BlackElo "2019"]
[PlyCount "0"]
[WhiteTeam "Enroque de Barbastro"]
[BlackTeam "El Olivar B"]
[EventDate "2022.01.29"]


1. e4 d6 2. d4 Nf6 3. Nc3 g6 4. Nf3 Bg7 5. h3 O-O 6. Be3 c6 7. a4 Qa5 8. Bd3 Na6

9. O-O Nb4 10. Ne2 Nxd3 11. cxd3 Bd7 12. Bd2 Qc7 13. Ng3 e5 14. Bc3 Rfe8 15. Qe2

Nd5 16. dxe5 Nxc3 17. bxc3 dxe5 18. Rfd1 c5 19. a5 Rad8 20. Ne1 Be6 21. c4 Rd6 
22.
Nc2 Bh6 23. Ne3 Bxe3 24. Qxe3 Red8 25. Qf3 Qd7 26. Rab1 Bxc4 27. Nf5 gxf5 28. exf5

Rxd3 29. Rxd3 Qxd3 30. Qg4+ Kf8 31. Rxb7 Qd1+ 32. Kh2 Qxg4 33. hxg4 Rc8 34. f6 a6

35. g5 Bd3 36. Kg3 c4 37. Kf3 c3  0-1

[Event "Cto de Aragon por Equipos - Preferente Grupo II"]
[Site ""]
[Date "2022.02.19"]
[Round "4.59"]
[White "Galve Guinea, Alejandro"]
[Black "Jimenez Azlor, Hugo"]
[Result "1-0"]
[WhiteElo "1984"]
[BlackElo "1554"]
[PlyCount "0"]
[WhiteTeam "El Olivar B"]
[BlackTeam "Enroque de Barbastro"]
[EventDate "2022.01.29"]

1. Nf3 c5 2. c4 Nf6 3. Nc3 d6 4. g3 g6 5. Bg2 Bg7 6. O-O Nc6 7. Rb1 Bf5 8. d3 Qd7

9. e4 Bg4 10. Ne2 Bxf3 11. Bxf3 b5 12. e5 bxc4 13. exf6 Bxf6 14. dxc4 Rb8 15. Bg2

Ne5 16. Nc3 Nxc4 17. Ne4 Bg7 18. Re1 e6 19. Bg5 O-O 20. Nf6+ Bxf6 21. Bxf6 d5 
22.
Qc1 Nd6 23. Qxc5 Rfc8 24. Qe3 Ne8 25. Bd4 a6 26. Rbc1 Rd8 27. Qe5 f6 28. Qxe6+ Qxe6

29. Rxe6 f5 30. Re7 Rbc8 31. Rxc8 Rxc8 32. Bxd5+  1-0

[Event "Cto de Aragon por Equipos - Preferente Grupo II"]
[Site ""]
[Date "2022.02.19"]
[Round "4.60"]
[White "Gracia Noguero, Javier"]
[Black "Bailo Remacha, Santiago"]
[Result "0-1"]
[WhiteElo "1370"]
[BlackElo "1940"]
[PlyCount "0"]
[WhiteTeam "Enroque de Barbastro"]
[BlackTeam "El Olivar B"]
[EventDate "2022.01.29"]


1. d4 d5 2. Nf3 Nf6 3. e3 g6 4. b3 Bg7 5. Bb2 O-O 6. Bd3 Ne4 7. Nbd2 Nd6 8. O-O Bf5

9. Rc1 c5 10. Ba3 cxd4 11. Nxd4 Be5 12. Bxd6 Bxd3 13. cxd3 exd6 14. N2f3 Na6 
15.
Qd2 Qd7 16. Qa5 Nc5 17. b4 b6 18. Qa3 Ne6 19. Nc6 Rfc8 20. b5 a6 21. Qa4 axb5 
22.
Qxb5 Nc5 23. Nfd4 Bxd4 24. Nxd4 Qxb5 25. Nxb5 Nxd3 26. Rxc8+ Rxc8 27. Nxd6 Rc2 
28.
a3 Ra2 29. Nc8 b5 30. Nd6 Rb2 31. h3 Ne5 32. Rd1 Nc4 33. Rxd5 Nxa3 34. Rc5 b4 35.
Nc4 Rc2  0-1

[Event "Cto de Aragon por Equipos - Preferente Grupo II"]
[Site ""]
[Date "2022.02.19"]
[Round "4.61"]
[White "Montoro Mavilla, Sergio"]
[Black "Vallverdu Miret, Oscar"]
[Result "0-1"]
[WhiteElo "1784"]
[BlackElo "2111"]
[PlyCount "0"]
[WhiteTeam "Jaque - Pirenauto B"]
[BlackTeam "Fraga"]
[EventDate "2022.01.29"]

1. e4 c6 2. d4 d5 3. exd5 cxd5 4. Bd3 Nc6 5. c3 Qc7 6. Na3 a6 7. Nc2 Nf6 8. Nf3
Bg4 9. O-O e6 10. Re1 Bd6 11. g3 h5 12. Ne3 h4 13. Nf1 O-O-O 14. Bg5 hxg3 15.
fxg3 Rdg8 16. Rc1 Kb8 17. Rc2 Rh5 18. Be3 Ne4 19. c4 Nb4 20. c5 Bxf3 21. Qxf3
Nxd3 22. Ree2 Rf5 23. cxd6 Qxc2 24. Bf4 Qd1 25. Qe3 Nxf4 26. gxf4 g5 27. Rg2
Rg6 28. Qh3 Rxf4 0-1

[Event "Cto de Aragon por Equipos - Preferente Grupo II"]
[Site ""]
[Date "2022.02.19"]
[Round "4.62"]
[White "Aribau Rivas, Miguel Angel"]
[Black "Torrente Gayarre, Lorenzo"]
[Result "1-0"]
[WhiteElo "2024"]
[BlackElo "1624"]
[PlyCount "0"]
[WhiteTeam "Fraga"]
[BlackTeam "Jaque - Pirenauto B"]
[EventDate "2022.01.29"]

1. e4 c5 2. Nf3 e6 3. d4 cxd4 4. Nxd4 Nf6 5. Bd3 Nc6 6. Nb3 d5 7. exd5 Nxd5 8.
O-O Bd6 9. Nc3 Nxc3 10. bxc3 Qc7 11. f4 Ne7 12. c4 O-O 13. Kh1 b6 14. Nd4 Ng6
15. Nb5 Qc6 16. Bxg6 Bb7 17. Qf3 Qxb5 18. Bxh7+ Kh8 19. Qh3 Bxg2+ 20. Kxg2 Qc6+
21. Be4+ 1-0

[Event "Cto de Aragon por Equipos - Preferente Grupo II"]
[Site ""]
[Date "2022.02.19"]
[Round "4.63"]
[White "Vinuales Ferro, Antonio"]
[Black "Chine Infantes, Miguel Angel"]
[Result "1/2-1/2"]
[WhiteElo "1601"]
[BlackElo "1811"]
[PlyCount "0"]
[WhiteTeam "Jaque - Pirenauto B"]
[BlackTeam "Fraga"]
[EventDate "2022.01.29"]

1. e4 b6 2. d4 Bb7 3. Nc3 e6 4. f4 Bb4 5. Bd3 Qh4+ 6. g3 Qe7 7. Nf3 Nf6 8. Qe2
Bxc3+ 9. bxc3 d6 10. O-O O-O 11. e5 h6 12. exf6 Qxf6 13. Nh4 Nd7 14. Be4 d5 15.
Bd3 Rfd8 16. Nf3 c5 17. Ne5 c4 18. f5 cxd3 19. cxd3 exf5 20. g4 Nxe5 21. Rxf5
Qg6 22. Rxe5 f6 23. Rf5 Bc8 24. Rf4 Re8 25. Qf3 Kh7 26. Ba3 Ba6 27. Rd1 Qg5 28.
Rf5 Qe3+ 29. Qxe3 Rxe3 30. Rxd5 Bxd3 31. Bc1 Bc4 32. Bxe3 Bxd5 33. a3 b5 34.
Kf2 Kg6 35. Bf4 Re8 36. Rd3 a6 37. Re3 1/2-1/2

[Event "Cto de Aragon por Equipos - Preferente Grupo II"]
[Site ""]
[Date "2022.02.19"]
[Round "4.64"]
[White "Chesa Chavarria, Aurelio"]
[Black "Huerva Lacuna, Isidro"]
[Result "0-1"]
[WhiteElo "1693"]
[BlackElo "1593"]
[PlyCount "0"]
[WhiteTeam "Fraga"]
[BlackTeam "Jaque - Pirenauto B"]
[EventDate "2022.01.29"]

1. d4 Nf6 2. c4 d5 3. cxd5 Nxd5 4. e4 Nb6 5. Nc3 g6 6. Be3 Bg7 7. Bd3 O-O 8.
Nge2 Nc6 9. d5 Ne5 10. Bd4 e6 11. O-O exd5 12. f4 Nxd3 13. Qxd3 dxe4 14. Nxe4
Bf5 15. Rad1 Bxe4 16. Qxe4 Bxd4+ 17. Rxd4 Qe8 18. Ng3 Qb5 19. f5 Rfe8 20. Qf4
Nd5 21. fxg6 Nxf4 0-1

[Event "Cto de Aragon por Equipos - Preferente Grupo II"]
[Site ""]
[Date "2022.02.19"]
[Round "4.65"]
[White "Ferreruela Romero, Jose Joaquin"]
[Black "Franco Ibanez, Carlos"]
[Result "1/2-1/2"]
[WhiteElo "2007"]
[BlackElo "1913"]
[PlyCount "0"]
[WhiteTeam "San Jose"]
[BlackTeam "Shatranj"]
[EventDate "2022.01.29"]

1. d4 Nf6 2. c4 e6 3. g3 d5 4. Nf3 Be7 5. Bg2 O-O 6.
O-O dxc4 7. Na3 c5 8. Nxc4 Nc6 9. dxc5 Bxc5 10. Nfe5 Nxe5 11. Nxe5 Qc7 12. Nd3
Bd6 13. Bg5 Rb8 14. Bxf6 gxf6 15. Qa4 b5 16. Qh4 Qe7 17. Rfd1 Bb7 18. Bxb7 Rxb7
19. Nf4 Bxf4 20. Qxf4 Rd8 21. Qg4+ Kh8 22. h4 Rbd7 23. Rxd7 Qxd7 24. Rc1 a6 25.
Qf3 Kg7 26. Qg4+ Kh8 27. Kh2 Qd4 28. Qxd4 Rxd4 29. Rc2 Kg7 30. Kg2 f5 31. Kf3
Kf6 32. e3 Rd6 33. Ke2 h5 34. Rc8 Kg7 35. b3 Kh7 36. Rc3 Kg6 37. Rd3 Rc6 38.
Kd2 Kf6 1/2-1/2

[Event "Cto de Aragon por Equipos - Preferente Grupo II"]
[Site ""]
[Date "2022.02.19"]
[Round "4.66"]
[White "Del Corral Abancens, Alfonso"]
[Black "Serrano San Nicolas, Angel"]
[Result "0-1"]
[WhiteElo "1872"]
[BlackElo "1961"]
[PlyCount "0"]
[WhiteTeam "Shatranj"]
[BlackTeam "San Jose"]
[EventDate "2022.01.29"]

1. e4 d5 2. exd5 Qxd5 3. Nf3 Bg4 4. Be2 Nc6 5. Nc3 Qd7 6. O-O O-O-O 7. d3 e5 8.
Be3 f5 9. Ne1 Bxe2 10. Qxe2 f4 11. Bc1 Nf6 12. Nf3 Bd6 13. b3 g5 14. Bb2 g4 15.
Ng5 Nd4 16. Qd1 Rhg8 17. Nge4 Nxe4 18. Nxe4 Qf5 19. Bxd4 exd4 20. f3 h5 21. Qe2
Ba3 22. Qd2 Rdf8 23. Rae1 a5 24. Qf2 Qd5 25. Qe2 Rg6 26. c3 dxc3 27. Nxc3 Qc5+
0-1

[Event "Cto de Aragon por Equipos - Preferente Grupo II"]
[Site ""]
[Date "2022.02.19"]
[Round "4.67"]
[White "Baldellou Vicente, Roberto"]
[Black "Ballonga Arruego, Alejandro"]
[Result "1-0"]
[WhiteElo "1951"]
[BlackElo "1676"]
[PlyCount "0"]
[WhiteTeam "San Jose"]
[BlackTeam "Shatranj"]
[EventDate "2022.01.29"]

1. d4 e6 2. c4 Bb4+ 3. Bd2 Qe7 4. a3 Bxd2+ 5. Qxd2 f5 6. Nc3 Nf6 7. e3 b6 8.
Nf3 Bb7 9. Bd3 d6 10. Qc2 Nbd7 11. O-O-O g6 12. e4 O-O-O 13. Rhe1 Qg7 14. Kb1
Rde8 15. b4 c5 16. Qa4 a6 17. Bc2 Kc7 18. bxc5 dxc5 19. e5 Ng4 20. h3 Bxf3 21.
gxf3 Nxf2 22. Rd2 cxd4 23. Rxd4 Nc5 24. Qb4 Rd8 25. Rd6 Rxd6 26. exd6+ Kb7 27.
Nd5 exd5 28. Re7+ Qxe7 29. dxe7 d4 30. Qe1 1-0

[Event "Cto de Aragon por Equipos - Preferente Grupo II"]
[Site ""]
[Date "2022.02.19"]
[Round "4.68"]
[White "Alvaro Rada, Gonzalo"]
[Black "Palomar Ramon, Santiago"]
[Result "0-1"]
[WhiteElo "1272"]
[BlackElo "1900"]
[PlyCount "0"]
[WhiteTeam "Shatranj"]
[BlackTeam "San Jose"]
[EventDate "2022.01.29"]

1. e4 e5 2. Nf3 Nc6 3. c3 Nf6 4. d3 a6 5. Bg5 Be7 6. Be2 d6 7. h3 O-O 8. g4 Kh8
9. Nbd2 Ng8 10. Be3 Be6 11. Qc2 d5 12. exd5 Bxd5 13. Ne4 b5 14. O-O f5 15. gxf5
Rxf5 16. Kh2 Qf8 17. Qd1 Rd8 18. Nfd2 Bh4 19. Qe1 Nge7 20. Bg4 Rf7 21. Qe2 Ng6
22. Bc5 Qe8 23. Nf3 Nf4 24. Qc2 Be7 25. Nfg5 Bxg5 26. Nxg5 Rf6 27. Ne4 Rh6 28.
Rg1 Be6 29. Rg3 Bxg4 30. Rxg4 Rxh3+ 31. Kg1 Qh5 32. Rxf4 Rh1+ 0-1

[Event "Cto de Aragon por Equipos - Preferente Grupo II"]
[Site ""]
[Date "2022.02.19"]
[Round "4.69"]
[White "Arrieta Restrepo, Steven"]
[Black "Sanz Parron, Laura"]
[Result "1-0"]
[WhiteElo "2031"]
[BlackElo "1717"]
[PlyCount "0"]
[WhiteTeam "Monzon"]
[BlackTeam "Marcos Frechin B"]
[EventDate "2022.01.29"]


1. e4 c5 2. Nc3 g6 3. Bc4 Nc6 4. d3 Bg7 5. a3 e6 6. Bd2 Nge7 7. h4 h5 8. Bg5 d6
9. Qd2 Nd4 10. Nge2 Bd7 11. O-O O-O 12. Nxd4 cxd4 13. Ne2 Kh7 14. Qb4 f6 15.
Bc1 Qc7 16. Nxd4 e5 17. Ne6 Bxe6 18. Bxe6 Nc6 19. Qc3 Qe7 20. Bd5 Nd4 21. Qd2
f5 22. c3 Nc6 23. exf5 Rxf5 24. g3 Rd8 25. Be4 Rf7 26. Qe2 Rh8 27. Qxh5+ Kg8
28. Qxg6 Rf6 29. Bd5+ Kf8 30. Qg4 Qe8 31. Bg5 1-0

[Event "Cto de Aragon por Equipos - Preferente Grupo II"]
[Site ""]
[Date "2022.02.19"]
[Round "4.70"]
[White "Garcia Mendez, Beatriz"]
[Black "Barranco Mananet, Fernando"]
[Result "0-1"]
[WhiteElo "1692"]
[BlackElo "1981"]
[PlyCount "0"]
[WhiteTeam "Marcos Frechin B"]
[BlackTeam "Monzon"]
[EventDate "2022.01.29"]

1. c4 e5 2. g3 Nf6 3. Bg2 h6 4. a3 c6 5. d4 e4 6. d5 d6 7. Nc3 Bf5 8. Qc2 Qe7
9. e3 Nbd7 10. Nge2 cxd5 11. Nd4 Bh7 12. Nxd5 Nxd5 13. cxd5 Nb6 14. Qb3 g5 15.
Bd2 Bg7 16. Bc3 O-O 17. O-O Rfc8 18. Rad1 Nc4 19. Bh3 Rc7 20. Bf5 Bxd4 21.
Bxh7+ Kxh7 22. Bxd4 f5 23. f3 exf3 24. Rxf3 Qe4 25. Rf2 Na5 26. Qb5 b6 27. Rdf1
Rf7 28. Rxf5 Rxf5 29. Qd7+ Kg6 30. Qxd6+ Kh5 31. Qd7 Rxf1+ 32. Kxf1 Rf8+ 33.
Ke2 Qc2+ 34. Ke1 Qc1+ 35. Ke2 Qf1+ 36. Kd2 Rf2+ 37. Kc3 Qc4# 0-1